[Event "22nd European Teams Women"]
[Site "Batumi GEO"]
[Date "2019.11.02"]
[Round "9.8"]
[Board "1"]
[White "Socko, Monika"]
[Black "Koridze, Lile"]
[Result "1-0"]
[WhiteTitle "GM"]
[WhiteElo "2417"]
[BlackElo "1988"]
[WhiteTeam "Poland"]
[BlackTeam "Georgia 3"]
[WhiteFideId "1106619"]
[BlackFideId "13612514"]
[EventDate "2019.10.24"]

1. d4 Nf6 2. c4 e6 3. Nf3 d5 4. g3 Bb4+ 5. Nbd2 O-O 6. Bg2 c6 7. O-O Nbd7 8. Qc2
b6 9. e4 dxe4 10. Nxe4 Bb7 11. Rd1 Nxe4 12. Qxe4 Nf6 13. Qc2 Be7 14. Ne5 Qc8 15.
Qa4 c5 16. Nc6 Re8 17. dxc5 Bxc5 18. b4 Bf8 19. Bb2 Qc7 20. Rd2 Bxc6 21. Bxc6
Red8 22. Rc2 Rac8 23. Bg2 Ng4 24. Re1 Qd6 25. c5 Qe7 26. Rec1 bxc5 27. bxc5 Nf6
28. Be5 Nd5 29. Bf1 f6 30. Bd6 Qb7 31. Ba6 Qc6 32. Qxc6 Rxc6 33. Bb7 Rdxd6 34.
cxd6 Rxd6 35. Rd1 Nb4 36. Rxd6 Bxd6 37. Rd2 Bc5 38. a3 Nd5 39. Bxd5 exd5 40. a4
d4 41. Kg2 Kf7 42. Kf3 Ke6 43. Ke4 f5+ 44. Kd3 Kd5 45. Rb2 1-0

[Event "22nd European Teams Women"]
[Site "Batumi GEO"]
[Date "2019.11.02"]
[Round "9.8"]
[Board "2"]
[White "Esadze, Tamari"]
[Black "Zawadzka, Jolanta"]
[Result "0-1"]
[BlackTitle "WGM"]
[WhiteElo "1885"]
[BlackElo "2406"]
[WhiteTeam "Georgia 3"]
[BlackTeam "Poland"]
[WhiteFideId "13611186"]
[BlackFideId "1122320"]
[EventDate "2019.10.24"]

1. e4 c5 2. Nf3 e6 3. d4 cxd4 4. Nxd4 Nc6 5. c4 Nf6 6. Nc3 Bb4 7. Nxc6 bxc6 8.
Bd3 e5 9. O-O O-O 10. Be3 Bxc3 11. bxc3 d6 12. h3 Be6 13. Qc2 Nd7 14. Rad1 Qc7
15. Be2 Rfd8 16. Rd2 c5 17. a3 Nb6 18. Qa2 Qc6 19. Rfd1 Rab8 20. f3 Na4 21. Rc1
Qa6 22. f4 f6 23. f5 Bf7 24. g4 Nb6 25. Rcd1 Na4 26. Rc1 Rb6 27. g5 fxg5 28.
Bxg5 Rdb8 29. Qc2 Bxc4 30. Bh5 Bb3 31. Qd3 Qxd3 32. Rxd3 Bf7 33. Bxf7+ Kxf7 34.
Rf1 Nb2 35. Rd5 Nc4 36. f6 g6 37. Rfd1 Rb1 38. Rxb1 Rxb1+ 39. Kg2 Rb3 40. Rd1 a5
41. a4 Rxc3 42. Rb1 Rc2+ 43. Kg3 Rb2 44. Rc1 Nd2 0-1

[Event "22nd European Teams Women"]
[Site "Batumi GEO"]
[Date "2019.11.02"]
[Round "9.8"]
[Board "3"]
[White "Majdan, Joanna"]
[Black "Donghvani, Nia"]
[Result "1-0"]
[WhiteTitle "WGM"]
[WhiteElo "2352"]
[BlackElo "1903"]
[WhiteTeam "Poland"]
[BlackTeam "Georgia 3"]
[WhiteFideId "1121979"]
[BlackFideId "13614649"]
[EventDate "2019.10.24"]

1. e4 c5 2. Nf3 e6 3. d4 cxd4 4. Nxd4 a6 5. Be2 Nf6 6. Nc3 Bb4 7. O-O Bxc3 8.
bxc3 Nxe4 9. Bd3 Nf6 10. Ba3 d6 11. Qf3 O-O 12. Qg3 Ne8 13. Rfe1 e5 14. Nf5 Qf6
15. Ne3 Nc7 16. Rad1 Rd8 17. Nc4 Ne8 18. Nb6 Ra7 19. Nxc8 Rxc8 20. Qh3 Rd8 21.
Bxh7+ Kf8 22. Be4 b5 23. Bd5 Rc7 24. Rd3 Kg8 25. Bc1 b4 26. cxb4 g6 27. Rf3 Qg7
28. Bg5 Rdd7 29. c4 e4 30. Rf4 Qh7 31. Rfxe4 Ng7 32. Re8+ Nxe8 33. Rxe8+ Kg7 34.
Qc3+ f6 35. Qxf6# 1-0

[Event "22nd European Teams Women"]
[Site "Batumi GEO"]
[Date "2019.11.02"]
[Round "9.8"]
[Board "4"]
[White "Lomaia, Diana"]
[Black "Sliwicka, Alicja"]
[Result "0-1"]
[BlackTitle "WIM"]
[WhiteElo "1861"]
[BlackElo "2307"]
[WhiteTeam "Georgia 3"]
[BlackTeam "Poland"]
[WhiteFideId "13612476"]
[BlackFideId "1150677"]
[EventDate "2019.10.24"]

1. d4 Nf6 2. c4 d6 3. Nc3 Nbd7 4. e4 e5 5. Nf3 g6 6. Be2 Bg7 7. O-O O-O 8. Re1
c6 9. Bf1 a6 10. Rb1 b5 11. b4 exd4 12. Nxd4 Ne5 13. cxb5 axb5 14. Bf4 Qb6 15.
Qd2 Nh5 16. Be3 Ng4 17. Nf5 Nxe3 18. Nxe3 Be6 19. Rbc1 Rfd8 20. Qc2 Rac8 21. a4
bxa4 22. Nxa4 Qxb4 23. Rb1 Qa5 24. Nb6 Rc7 25. Ned5 Bxd5 26. exd5 Bd4 27. Nc4
Qxd5 28. Ne3 Qg5 29. Qc4 Bg7 30. Red1 Qe7 31. Rbc1 Qe6 32. Nd5 Rcc8 33. Nb6 d5
34. Qa4 Rc7 35. Na8 Rb7 36. Rxc6 Qe8 37. Qa6 Ra7 38. Qxa7 Qxc6 39. Nc7 Be5 40.
Nb5 Ng7 41. Nd4 Bxd4 42. Qxd4 Nf5 43. Qg4 Qf6 44. Qf3 Qe5 45. Bd3 Nd4 46. Qe3
Qxe3 47. fxe3 Ne6 48. Kf2 Kf8 49. Be2 Ke7 50. Bf3 Nc7 51. Rc1 Kd7 52. Rd1 Ke6
53. Rc1 Ne8 54. Rc2 Ke5 55. Ke2 f5 56. g3 Rd7 57. Rb2 Nf6 58. Rc2 Rb7 59. Rd2
Rb3 60. Kf2 Rb5 61. Rc2 Ne8 62. Rc8 Rb2+ 63. Be2 Nf6 64. Kf1 Rb3 65. Kf2 Ne4+
66. Kf3 d4 67. Re8+ Kf6 68. Bc4 Nd2+ 69. Kg2 Nxc4 70. exd4 Rd3 71. Rd8 Nd2 72.
d5 Ne4 73. Rd7 h5 0-1

[Event "22nd European Teams Women"]
[Site "Batumi GEO"]
[Date "2019.11.02"]
[Round "9.9"]
[Board "1"]
[White "Reizniece-Ozola, Dana"]
[Black "Shvayger, Yuliya"]
[Result "0-1"]
[WhiteTitle "WGM"]
[BlackTitle "IM"]
[WhiteElo "2297"]
[BlackElo "2336"]
[WhiteTeam "Latvia"]
[BlackTeam "Israel"]
[WhiteFideId "11601124"]
[BlackFideId "14100126"]
[EventDate "2019.10.24"]

1. c4 e5 2. Nc3 Nf6 3. Nf3 Nc6 4. e3 Bb4 5. Qc2 Bxc3 6. Qxc3 Qe7 7. d4 e4 8. Nd2
d5 9. a3 a5 10. Qc2 dxc4 11. Bxc4 O-O 12. O-O Bf5 13. b3 Qd6 14. Be2 Rfe8 15.
Bb2 Nd5 16. Rfe1 Qg6 17. Nf1 Qd6 18. Ng3 Bg6 19. h4 Nxe3 20. fxe3 Qxg3 21. Bb5
Rad8 22. Qf2 Qxf2+ 23. Kxf2 Rd5 24. Bxc6 bxc6 25. Rec1 Rb8 26. b4 axb4 27. axb4
h6 28. Bc3 Bf5 29. Ra7 Rc8 30. Be1 Bd7 31. Rca1 Kh7 32. Ra8 g5 33. Rxc8 Bxc8 34.
hxg5 hxg5 35. Ra7 Kg6 36. Rxc7 Bd7 37. Ra7 f5 38. g3 Kh5 39. Ra8 Be6 40. Ra6 Bd7
41. Ra8 Rb5 42. Ra5 Rb7 43. Rc5 Kg4 44. Ke2 Rb8 45. Re5 Rh8 46. Rc5 Rb8 47. Re5
Bc8 48. Rc5 Bd7 49. Re5 Rh8 50. Rc5 Rh2+ 51. Bf2 Be8 52. Rc1 Kh3 53. Rg1 Bf7 54.
Rc1 Bh5+ 55. Kf1 Rh1+ 56. Bg1 Kxg3 57. Rxc6 Bg4 58. Rc1 Kf3 59. b5 Bh3+ 60. Ke1
Rxg1+ 0-1

[Event "22nd European Teams Women"]
[Site "Batumi GEO"]
[Date "2019.11.02"]
[Round "9.9"]
[Board "2"]
[White "Efroimski, Marsel"]
[Black "Rogule, Laura"]
[Result "1-0"]
[WhiteTitle "WGM"]
[BlackTitle "WGM"]
[WhiteElo "2317"]
[BlackElo "2269"]
[WhiteTeam "Israel"]
[BlackTeam "Latvia"]
[WhiteFideId "2810964"]
[BlackFideId "11601876"]
[EventDate "2019.10.24"]

1. e4 c5 2. Nc3 Nc6 3. Nge2 d6 4. d4 cxd4 5. Nxd4 Nf6 6. Bg5 e6 7. Qd2 a6 8.
O-O-O h6 9. Be3 Bd7 10. f3 b5 11. Kb1 Be7 12. g4 Ne5 13. Bd3 Qc7 14. h4 Nc4 15.
Bxc4 bxc4 16. g5 Nh5 17. g6 Rf8 18. Qg2 Rb8 19. Ka1 f5 20. exf5 e5 21. Nde2 Qb7
22. Bc1 Bc6 23. Rhf1 d5 24. Qg4 Nf6 25. Qg3 d4 26. Qxe5 dxc3 27. Nxc3 Rd8 28.
Rxd8+ Kxd8 29. Rd1+ Kc8 30. Bf4 Bb4 31. Qe6+ Nd7 32. Qxc4 Rxf5 33. Bxh6 Bf8 34.
Bxg7 Bxg7 35. Qg8+ Nf8 36. Re1 Rxf3 37. Qc4 Kb8 38. h5 Rf5 39. Qg4 Bd7 40. h6
Qxb2+ 41. Kxb2 Rb5+ 42. Ka3 Bxc3 43. Qg3+ Kb7 44. Qxc3 Nxg6 45. Qg7 1-0

[Event "22nd European Teams Women"]
[Site "Batumi GEO"]
[Date "2019.11.02"]
[Round "9.9"]
[Board "3"]
[White "Limanovska, Elizabete"]
[Black "Klinova, Masha"]
[Result "1/2-1/2"]
[WhiteTitle "WFM"]
[BlackTitle "IM"]
[WhiteElo "2186"]
[BlackElo "2277"]
[WhiteTeam "Latvia"]
[BlackTeam "Israel"]
[WhiteFideId "11603542"]
[BlackFideId "2802015"]
[EventDate "2019.10.24"]

1. e4 e5 2. Nf3 Nc6 3. Bc4 Nf6 4. d3 h6 5. O-O d6 6. a4 g5 7. c3 Bg7 8. Re1 O-O
9. Na3 Ne7 10. Nc2 c6 11. Ba2 Ng6 12. Ne3 d5 13. Qc2 g4 14. Nd2 Re8 15. Ndf1 Nf4
16. Nf5 Bxf5 17. exf5 Qd6 18. Bd2 h5 19. Rad1 h4 20. Bc1 Bh6 21. Kh1 Qf8 22. g3
Nh3 23. Re2 Qg7 24. Bxh6 Qxh6 25. Rde1 e4 26. dxe4 Rxe4 27. Rxe4 Nxe4 28. Re2
Re8 29. c4 Nexf2+ 30. Kg2 Rxe2 31. Qxe2 Qd6 32. cxd5 Kg7 33. Qc4 cxd5 34. Qd4+
f6 35. Bxd5 b6 36. Ne3 Qe5 37. Qxe5 fxe5 38. Nxg4 hxg3 39. Kxg3 Nxg4 40. Kxg4
Nf2+ 41. Kf3 Nd1 42. b3 Kf6 43. Be4 Nc3 44. Ke3 Nd1+ 45. Ke2 Nc3+ 46. Kd3 Nd1
47. Kc4 Ne3+ 48. Kb5 Nxf5 49. Ka6 Nd4 50. b4 Ne2 51. Kxa7 Nc3 52. Bc6 e4 53.
Kxb6 e3 54. Bf3 Nxa4+ 55. Kb5 Nc3+ 56. Kc4 e2 57. Bxe2 Nxe2 58. b5 Ke6 59. b6
Kd6 60. Kb5 Nc3+ 61. Ka6 Na4 62. h4 Ke6 63. h5 Kf6 64. Kb5 Nxb6 65. Kxb6 Kg5 66.
h6 Kxh6 1/2-1/2

[Event "22nd European Teams Women"]
[Site "Batumi GEO"]
[Date "2019.11.02"]
[Round "9.9"]
[Board "4"]
[White "Lahav, Michal"]
[Black "Golsta, Madara"]
[Result "1-0"]
[WhiteTitle "WIM"]
[WhiteElo "2221"]
[BlackElo "1987"]
[WhiteTeam "Israel"]
[BlackTeam "Latvia"]
[WhiteFideId "2813742"]
[BlackFideId "11607386"]
[EventDate "2019.10.24"]

1. Nf3 c5 2. b3 Nf6 3. Bb2 g6 4. g3 Bg7 5. Bg2 O-O 6. O-O d5 7. c4 Nc6 8. cxd5
Nxd5 9. Bxg7 Kxg7 10. d4 cxd4 11. Nxd4 Nxd4 12. Qxd4+ Nf6 13. Qe5 Kg8 14. Nc3
Ng4 15. Qf4 Qa5 16. Rac1 Qh5 17. h4 h6 18. Nd5 e5 19. Qb4 e4 20. Ne7+ Kg7 21.
Nxc8 Raxc8 22. Qxe4 Rce8 23. Qxb7 g5 24. Bf3 Kh8 25. Rc4 f5 26. Rc7 Qg6 27. h5 1-0

[Event "22nd European Teams Women"]
[Site "Batumi GEO"]
[Date "2019.11.02"]
[Round "9.10"]
[Board "1"]
[White "Vega Gutierrez, Sabrina"]
[Black "Exler, Veronika"]
[Result "0-1"]
[WhiteTitle "IM"]
[BlackTitle "WIM"]
[WhiteElo "2395"]
[BlackElo "2222"]
[WhiteTeam "Spain"]
[BlackTeam "Austria"]
[WhiteFideId "2219026"]
[BlackFideId "1620550"]
[EventDate "2019.10.24"]

1. e4 c6 2. Nc3 d5 3. Nf3 Nf6 4. e5 Ne4 5. Ne2 Qb6 6. d4 e6 7. Ng3 c5 8. Bd3 Nc6
9. Nxe4 dxe4 10. Bxe4 Nxd4 11. c3 Nc6 12. h4 h6 13. Qe2 Bd7 14. Bf4 Na5 15. Nd2
Bb5 16. Qf3 O-O-O 17. b4 cxb4 18. cxb4 Bxb4 19. Rb1 Qd4 20. Rxb4 Qxb4 21. Rh3
Rd7 22. Qa3 Rc7 23. Kd1 Qxa3 24. Rxa3 b6 25. h5 Rd8 26. Rg3 Nc4 27. Rc3 Rd4 28.
f3 Nxd2 29. Rxc7+ Kxc7 30. Bxd2 Bd3 31. Bxd3 Rxd3 32. Kc2 Rd5 33. Be3 Rxe5 34.
Bf4 Kd6 35. g4 Kd5 36. Kd2 Kd4 37. a3 Rd5 38. Bb8 a6 39. Bc7 Kc5+ 40. Ke3 Kc6
41. Bb8 Ra5 42. Kd4 0-1

[Event "22nd European Teams Women"]
[Site "Batumi GEO"]
[Date "2019.11.02"]
[Round "9.10"]
[Board "2"]
[White "Trippold, Denise"]
[Black "Garcia Martin, Marta"]
[Result "0-1"]
[WhiteTitle "WFM"]
[BlackTitle "FM"]
[WhiteElo "2180"]
[BlackElo "2305"]
[WhiteTeam "Austria"]
[BlackTeam "Spain"]
[WhiteFideId "1625594"]
[BlackFideId "32084030"]
[EventDate "2019.10.24"]

1. c4 b6 2. d4 Bb7 3. Nc3 e6 4. e4 Bb4 5. Qc2 Ne7 6. Bd3 f5 7. f3 O-O 8. Ne2
Nbc6 9. Be3 fxe4 10. fxe4 a5 11. O-O-O Bxc3 12. Nxc3 Nb4 13. Qe2 Nxd3+ 14. Qxd3
d5 15. Bg5 Qd7 16. Rhe1 dxc4 17. Qxc4 Ba6 18. Qb3 Kh8 19. Rd2 Rae8 20. Qd1 Nc6
21. Kb1 Qf7 22. Ka1 Qg6 23. Bh4 Rf7 24. Bg3 Rd7 25. a3 Red8 26. Bh4 Rf8 27. Bg3
Rfd8 28. Bh4 Rf8 29. Bg3 Qg5 30. Ne2 Rfd8 31. Bf4 Qg4 32. h3 Qh4 33. g3 Qh5 34.
g4 Qxh3 35. Bg5 Bxe2 36. Rexe2 Qxg4 37. Bxd8 Rxd8 38. Qc1 Nxd4 39. Qxc7 Qh4 40.
Rg2 Rg8 41. Rdf2 h6 42. Rf1 Qxe4 43. Rfg1 Nf3 44. Rg4 Qd3 45. Qg3 g5 46. Rh1 Kh7
47. Qh3 Rg6 48. Rg3 g4 49. Qg2 Qf5 50. Rd1 Rg7 51. Qf2 Qf4 52. Qc2+ Qf5 53. Qc8
h5 54. Rd8 Qf7 55. Rg2 Ng5 56. Rf8 Qc7 57. Rh8+ Kg6 58. Qe8+ Qf7 59. Qb5 Qf5 60.
Qe8+ Qf7 61. Qb5 Rh7 62. Rb8 Qf5 63. Qe8+ Qf7 64. Qb5 Qf5 65. Qe8+ Kh6 66. Rh2
Qf7 67. Qb5 g3 68. Rc2 Rg7 69. Qxb6 g2 70. Rh8+ Kg6 71. Qg1 Qf1+ 72. Rc1 Rf7 73.
Ka2 Qxg1 74. Rxg1 Rf2 75. Rg8+ Kh6 76. Kb3 h4 77. Rh8+ Nh7 78. Re8 Re2 79. Rd8 0-1

[Event "22nd European Teams Women"]
[Site "Batumi GEO"]
[Date "2019.11.02"]
[Round "9.10"]
[Board "3"]
[White "Calzetta Ruiz, Monica"]
[Black "Novkovic, Julia"]
[Result "1-0"]
[WhiteTitle "WGM"]
[BlackTitle "WFM"]
[WhiteElo "2251"]
[BlackElo "2146"]
[WhiteTeam "Spain"]
[BlackTeam "Austria"]
[WhiteFideId "2204185"]
[BlackFideId "12000086"]
[EventDate "2019.10.24"]

1. c4 g6 2. Nc3 Bg7 3. g3 e5 4. Bg2 Nc6 5. Rb1 f5 6. b4 e4 7. Bb2 Ne5 8. d3 Ne7
9. Nh3 c6 10. O-O d6 11. Nf4 O-O 12. dxe4 Nxc4 13. Qb3 b5 14. Rbd1 Kh8 15. Ba1
a5 16. a4 axb4 17. Qxb4 Qa5 18. Qxa5 Rxa5 19. axb5 cxb5 20. Ncd5 Nxd5 21. Bxg7+
Kxg7 22. Nxd5 fxe4 23. Bxe4 Bh3 24. Rfe1 Rb8 25. Rd4 Be6 26. Bd3 Kf7 27. Rf4+
Kg7 28. Nc7 Bg8 29. Nxb5 d5 30. Nd4 Rb2 31. Rc1 g5 32. Rf5 h6 33. Bxc4 Rc5 34.
Ra1 Rxc4 35. Ra7+ Kg6 36. Ra6+ Kg7 37. e3 Rc7 38. Rff6 Rc1+ 39. Kg2 Bh7 40. Nf5+
Bxf5 41. Rxf5 Rcc2 42. Rd6 Re2 43. Kf1 Rbd2 44. h3 d4 45. Rxd4 Ra2 46. Rd7+ Kg8
47. h4 gxh4 48. gxh4 Reb2 49. h5 Rb1+ 50. Kg2 Rb6 51. e4 Ra4 52. Rc5 Rb8 53. f3
Ra6 54. e5 Ra4 55. Rc6 Rf8 56. Rg6+ Kh8 57. Rxh6+ Kg8 58. Rhh7 Rfa8 59. Rdg7+
Kf8 60. h6 1-0

[Event "22nd European Teams Women"]
[Site "Batumi GEO"]
[Date "2019.11.02"]
[Round "9.10"]
[Board "4"]
[White "Polterauer, Chiara"]
[Black "Kolotilina, Liudmila"]
[Result "1-0"]
[WhiteTitle "WFM"]
[BlackTitle "WFM"]
[WhiteElo "2172"]
[BlackElo "2242"]
[WhiteTeam "Austria"]
[BlackTeam "Spain"]
[WhiteFideId "1638165"]
[BlackFideId "32099568"]
[EventDate "2019.10.24"]

1. e4 c5 2. Nf3 Nf6 3. e5 Nd5 4. Nc3 Nxc3 5. dxc3 e6 6. Bf4 Qb6 7. b3 Qc7 8. Qd2
Nc6 9. Bd3 h6 10. Qe3 b6 11. Nd2 Ne7 12. Be4 Bb7 13. Nc4 Nd5 14. Bxd5 Bxd5 15.
Nd6+ Bxd6 16. exd6 Qc6 17. f3 c4 18. O-O Rc8 19. Rfd1 Qc5 20. Rd4 cxb3 21. axb3
a5 22. c4 Bc6 23. Qd2 O-O 24. Be3 Qh5 25. Rd3 Rb8 26. Qf2 b5 27. Rxa5 Ra8 28.
Ba7 Qg5 29. cxb5 Qc1+ 30. Qf1 Qxf1+ 31. Kxf1 Bxb5 32. c4 Bc6 33. b4 e5 34. b5
Bb7 35. c5 Rac8 36. Bb6 e4 37. Rc3 exf3 38. gxf3 Rb8 39. Bc7 Rbc8 40. Ra7 Bd5
41. c6 dxc6 42. bxc6 1-0

[Event "22nd European Teams Women"]
[Site "Batumi GEO"]
[Date "2019.11.02"]
[Round "9.11"]
[Board "1"]
[White "Unuk, Laura"]
[Black "Worek, Joanna"]
[Result "1/2-1/2"]
[WhiteTitle "WGM"]
[BlackTitle "WGM"]
[WhiteElo "2278"]
[BlackElo "2319"]
[WhiteTeam "Slovenia"]
[BlackTeam "Czech Republic"]
[WhiteFideId "14609215"]
[BlackFideId "1118080"]
[EventDate "2019.10.24"]

1. Nf3 Nf6 2. g3 g6 3. Bg2 Bg7 4. O-O O-O 5. d4 d6 6. a4 Nbd7 7. a5 e5 8. Nc3 e4
9. Ng5 d5 10. f3 h6 11. Nh3 Re8 12. fxe4 Nxe4 13. Nxe4 dxe4 14. Be3 Nf6 15. c3
Nd5 16. Qd2 g5 17. Rad1 c6 18. b4 b6 19. axb6 axb6 20. c4 Ra2 21. Qc1 Nxb4 22.
Rd2 Rxd2 23. Qxd2 Qe7 24. Nf2 f5 25. Nd1 Rd8 26. Kh1 c5 27. d5 Qe5 28. Qc1 Rf8
29. Bd2 Ba6 30. Bc3 Qe7 31. Bxg7 Qxg7 32. Ne3 Qe5 33. Bh3 g4 34. Nxg4 fxg4 35.
Rxf8+ Kxf8 36. Qxh6+ Ke7 37. Qh7+ Kf8 38. Qh6+ Ke7 39. Qh7+ Kf8 1/2-1/2

[Event "22nd European Teams Women"]
[Site "Batumi GEO"]
[Date "2019.11.02"]
[Round "9.11"]
[Board "2"]
[White "Olsarova, Karolina"]
[Black "Janzelj, Lara"]
[Result "1-0"]
[WhiteTitle "WGM"]
[BlackTitle "WIM"]
[WhiteElo "2294"]
[BlackElo "2159"]
[WhiteTeam "Czech Republic"]
[BlackTeam "Slovenia"]
[WhiteFideId "320242"]
[BlackFideId "14608391"]
[EventDate "2019.10.24"]

1. e4 d6 2. d4 Nf6 3. Nc3 e5 4. Nf3 Nbd7 5. Bc4 Be7 6. a4 c6 7. O-O O-O 8. Ba2
b6 9. Qe2 a6 10. Rd1 Qc7 11. h3 Rb8 12. Be3 b5 13. axb5 axb5 14. b4 exd4 15.
Nxd4 g6 16. Bb3 Re8 17. f4 Bf8 18. Qf3 Bb7 19. Bf2 Bg7 20. Ra7 Qc8 21. Re1 Ra8
22. Rxa8 Qxa8 23. Qd3 Bh6 24. Nde2 Qb8 25. g4 Bf8 26. Ng3 Re7 27. g5 Ne8 28. h4
Ba6 29. h5 c5 30. Bd5 cxb4 31. hxg6 hxg6 32. e5 Kh7 33. Kg2 Bg7 34. Rh1+ Kg8 35.
Qxg6 Nf8 36. Qh5 Ne6 37. Qh7+ Kf8 38. Nf5 Nxf4+ 39. Kf1 Ng6 40. Nxg7 Rxe5 41.
Bxf7 Kxf7 42. Nf5+ Kf8 43. Qxg6 Rxf5 44. Qxf5+ Ke7 45. Rh7+ 1-0

[Event "22nd European Teams Women"]
[Site "Batumi GEO"]
[Date "2019.11.02"]
[Round "9.11"]
[Board "3"]
[White "Rozman, Monika"]
[Black "Petrova, Kristyna"]
[Result "1-0"]
[WhiteTitle "WFM"]
[BlackTitle "WIM"]
[WhiteElo "2122"]
[BlackElo "2259"]
[WhiteTeam "Slovenia"]
[BlackTeam "Czech Republic"]
[WhiteFideId "14609118"]
[BlackFideId "309672"]
[EventDate "2019.10.24"]

1. e4 c5 2. Nf3 Nc6 3. d4 cxd4 4. Nxd4 e6 5. Nc3 Qc7 6. Be3 a6 7. Be2 Nf6 8. O-O
Be7 9. f4 d6 10. Qe1 Nxd4 11. Bxd4 O-O 12. Qg3 b5 13. a3 Bb7 14. Bf3 Bc6 15.
Rae1 Rad8 16. Nd5 exd5 17. exd5 Ba8 18. Rxe7 Qxe7 19. Re1 Qxe1+ 20. Qxe1 Nxd5
21. Qh4 Nc7 22. Bg4 Ne6 23. Bf5 h6 24. Bc3 Rc8 25. Bd3 Rfe8 26. f5 Rxc3 27. bxc3
Nc5 28. f6 Re6 29. Qg4 g5 30. h4 Ne4 31. Bxe4 Bxe4 32. hxg5 Bg6 33. Kf2 hxg5 34.
Qxg5 Kf8 35. g4 Ke8 36. Qf4 Kd7 37. Qd4 Kc6 38. Qa7 Rxf6+ 39. Kg3 Re6 40. Qxa6+
Kc5 41. Qa5 Kc6 42. Qa6+ Kc5 43. Kf3 Be4+ 44. Kf4 Bg6 45. Qc8+ Kb6 46. Qb8+ Kc6
47. Qc8+ Kb6 48. Kg5 Re5+ 49. Kf6 Re4 50. Qd7 Kc5 51. Qc7+ Kd5 52. Qb6 Rf4+ 53.
Kg5 Rc4 54. Qxb5+ Rc5 55. Qb3+ Ke5 56. a4 Rd5 57. c4 Rc5 58. Qc3+ Ke6+ 59. Kf4
Re5 60. a5 Re4+ 61. Kf3 Re5 62. a6 Be4+ 63. Kg3 Kd7 64. Kf4 Bc6 65. Qd4 Rc5 66.
Ke3 Kc7 67. a7 Ra5 68. Kf4 Kb7 69. Qxd6 Rxa7 70. g5 Ra1 71. Qd3 Rg1 72. Kf5 Rg2
73. Kf6 Rf2+ 74. Ke7 Rf3 75. Qd4 Rf5 76. Kd6 Bh1 77. Qb2+ 1-0

[Event "22nd European Teams Women"]
[Site "Batumi GEO"]
[Date "2019.11.02"]
[Round "9.11"]
[Board "4"]
[White "Sikorova, Olga"]
[Black "Vidic, Teja"]
[Result "0-1"]
[WhiteTitle "WGM"]
[BlackTitle "WFM"]
[WhiteElo "2234"]
[BlackElo "2174"]
[WhiteTeam "Czech Republic"]
[BlackTeam "Slovenia"]
[WhiteFideId "307033"]
[BlackFideId "14605511"]
[EventDate "2019.10.24"]

1. c4 Nf6 2. g3 e6 3. Nf3 d5 4. b3 Be7 5. Bb2 O-O 6. Bg2 b6 7. O-O c5 8. e3 Nc6
9. Nc3 Ba6 10. d3 Rc8 11. Qe2 Qd7 12. h3 Rfd8 13. Rad1 Qb7 14. a4 Qb8 15. Ba1 h6
16. Qb2 d4 17. exd4 cxd4 18. Na2 e5 19. b4 Bb7 20. Nd2 Re8 21. Rde1 Bf8 22. Ne4
Nd7 23. g4 Nd8 24. f4 exf4 25. Qxd4 Ne5 26. Qc3 f3 27. Bxf3 Nxf3+ 28. Rxf3 Ne6
29. Rfe3 Bxe4 30. dxe4 Qc7 31. Rc1 a5 32. Kh1 Ng5 33. bxa5 Nxe4 34. Rxe4 Rxe4
35. axb6 Qxb6 36. Qf3 Rexc4 37. Nc3 Qb3 38. a5 Ra4 39. Rb1 Qc2 40. Rf1 Rxa1 41.
Rxa1 Rxc3 42. Qg2 Qb3 0-1

[Event "22nd European Teams Women"]
[Site "Batumi GEO"]
[Date "2019.11.02"]
[Round "9.12"]
[Board "1"]
[White "Repkova, Eva"]
[Black "Houska, Jovanka"]
[Result "0-1"]
[WhiteTitle "IM"]
[BlackTitle "IM"]
[WhiteElo "2315"]
[BlackElo "2430"]
[WhiteTeam "Slovakia"]
[BlackTeam "England"]
[WhiteFideId "14900440"]
[BlackFideId "405094"]
[EventDate "2019.10.24"]

1. e4 c6 2. d4 d5 3. exd5 cxd5 4. Bd3 g6 5. c3 Bf5 6. Bxf5 gxf5 7. Bf4 Nc6 8.
Nf3 Bg7 9. Nbd2 Nf6 10. Ne5 e6 11. Nb3 Ne4 12. f3 Nd6 13. Nc5 Bxe5 14. dxe5 Nc4
15. Qb3 N4xe5 16. Nxb7 Qc7 17. O-O Rb8 18. Qa4 O-O 19. Nc5 Rxb2 20. Kh1 Qe7 21.
Nb3 Qh4 22. Qa3 Nc4 23. Bg3 Qg5 24. Qc5 f4 25. Qxc6 fxg3 26. Qc7 Ne3 27. Rg1 Nf5
28. Rgb1 Rc2 29. Rc1 Qh4 30. h3 Rxg2 31. Kxg2 Ne3+ 0-1

[Event "22nd European Teams Women"]
[Site "Batumi GEO"]
[Date "2019.11.02"]
[Round "9.12"]
[Board "2"]
[White "Toma, Katarzyna"]
[Black "Hagarova, Zuzana"]
[Result "1/2-1/2"]
[WhiteTitle "WGM"]
[BlackTitle "IM"]
[WhiteElo "2272"]
[BlackElo "2295"]
[WhiteTeam "England"]
[BlackTeam "Slovakia"]
[WhiteFideId "1119907"]
[BlackFideId "14900866"]
[EventDate "2019.10.24"]

1. e4 c5 2. Nf3 Nc6 3. d4 cxd4 4. Nxd4 Nf6 5. Nc3 e5 6. Ndb5 d6 7. Bg5 a6 8. Na3
b5 9. Nd5 Be7 10. Bxf6 Bxf6 11. c4 b4 12. Nc2 O-O 13. g3 Be6 14. h4 a5 15. Bh3
a4 16. Kf1 b3 17. Nce3 Nd4 18. Kg2 Rc8 19. Qd3 Rb8 20. a3 Kh8 21. Rac1 Be7 22.
Rcd1 Qd7 23. h5 Bd8 24. Bf5 h6 25. Rhf1 Qb7 26. f4 Bxd5 27. Nxd5 Bb6 28. Bg4 Bc5
29. Rd2 Rbe8 30. Kh3 f5 31. exf5 e4 32. Qc3 Nxf5 33. Bxf5 Rxf5 34. g4 e3 35.
gxf5 exd2 36. Qxd2 Qf7 37. Kg4 Re4 38. Re1 Qe8 39. Nc7 Qc6 40. Nd5 Qe8 41. Nc7
Qc6 42. Nd5 Qe8 43. Nc7 1/2-1/2

[Event "22nd European Teams Women"]
[Site "Batumi GEO"]
[Date "2019.11.02"]
[Round "9.12"]
[Board "3"]
[White "Movsesian, Julia"]
[Black "Lauterbach, Ingrid"]
[Result "1-0"]
[WhiteTitle "WGM"]
[BlackTitle "WIM"]
[WhiteElo "2307"]
[BlackElo "2078"]
[WhiteTeam "Slovakia"]
[BlackTeam "England"]
[WhiteFideId "4139690"]
[BlackFideId "405221"]
[EventDate "2019.10.24"]

1. e4 g6 2. d4 Bg7 3. Nc3 d5 4. exd5 Nf6 5. Nf3 Nxd5 6. Ne4 O-O 7. Be2 Nd7 8.
O-O c6 9. Bg5 h6 10. Bd2 N5f6 11. Ng3 c5 12. Qc1 Kh7 13. Rd1 cxd4 14. Nxd4 Ng8
15. c3 e5 16. Nb5 f5 17. Qc2 a6 18. Nd6 Qe7 19. Bc1 Ndf6 20. b3 Be6 21. Ba3 Rfd8
22. Nc4 Qe8 23. Bd6 Bxc4 24. Bxc4 b5 25. Bf1 e4 26. a4 Qe6 27. Bc5 Rxd1 28. Rxd1
bxa4 29. b4 Qb3 30. Qxb3 axb3 31. Rb1 Nd5 32. c4 Nf4 33. Rxb3 Ne6 34. Bd6 Nf6
35. Be5 a5 36. bxa5 Rxa5 37. Bc3 Ra7 38. Rb6 Re7 39. Bb4 Re8 40. Rb7 Rc8 41. Rb6
Nc5 42. Bxc5 Rxc5 43. h3 Nd7 44. Rb7 Ne5 45. Ne2 Rc8 46. Nf4 Kg8 47. Nd5 Kf8 48.
Be2 h5 49. g3 Nc6 50. Nf4 Bf6 51. Nxg6+ Kg8 52. Bxh5 Na5 53. Rb5 Nxc4 54. Rxf5
Kg7 55. Nf4 Rc6 56. Be8 Rb6 57. Nh5+ Kf8 58. Nxf6 Rb1+ 59. Kg2 Nd6 60. Rf4 e3
61. Bh5 1-0